000 00698cam a2200229 a 4500
001 000013880
003 DO-SdBNP
005 20251022101015.0
008 861124s1970 ck b 001 0 spa
040 _aDO-SdBNP
_bspa
_cBNPHU
082 _a336.86
_bR173s
100 1 _aRamírez Cardona, Alejandro.
_931446
245 1 0 _aSistema de hacienda pública /
_cAlejandro Ramírez Cardona.
260 _aBogotá, Colombia :
_bEditorial Temis,
_c1970.
300 _axxvii, 625 p. ;
_c25 cm.
500 _aIncluye índice.
650 0 _aFinanzas públicas
_zColombia
_932168
650 7 _aPolítica fiscal
_98379
740 0 _aHacienda publica
910 _aCatalogación derivada
942 _2ddc
_cLBS1
999 _c13486
_d13486